Assessment of students' learning : (Record no. 18025)
[ view plain ]
| 000 -LEADER | |
|---|---|
| fixed length control field | 00577nam a22002177a 4500 |
| 003 - CONTROL NUMBER IDENTIFIER | |
| control field | OSt |
| 005 - DATE AND TIME OF LATEST TRANSACTION | |
| control field | 20140310182957.0 |
| 008 - FIXED-LENGTH DATA ELEMENTS--GENERAL INFORMATION | |
| fixed length control field | 130207t xxu||||| |||| 00| 0 eng d |
| 020 ## - INTERNATIONAL STANDARD BOOK NUMBER | |
| International Standard Book Number | 9789712724565 |
| 050 ## - LIBRARY OF CONGRESS CALL NUMBER | |
| Classification number | LB 3051 |
| Item number | .R426 2011 |
| 100 ## - MAIN ENTRY--PERSONAL NAME | |
| Personal name | Rico, Alberto A. |
| 245 ## - TITLE STATEMENT | |
| Title | Assessment of students' learning : |
| Remainder of title | a practical approach / |
| Statement of responsibility, etc | Alberto A. Rico. |
| 260 ## - PUBLICATION, DISTRIBUTION, ETC. (IMPRINT) | |
| Place of publication, distribution, etc | Manila : |
| Name of publisher, distributor, etc | Anvil Publishing, |
| Date of publication, distribution, etc | 2011. |
| 300 ## - PHYSICAL DESCRIPTION | |
| Extent | 223 p. ; |
| Dimensions | 25 cm. |
| Other physical details | ill. ; |
| 521 ## - TARGET AUDIENCE NOTE | |
| Target audience note | |
| 562 ## - COPY AND VERSION IDENTIFICATION NOTE | |
| Number of copies | 3 |
| 942 ## - ADDED ENTRY ELEMENTS (KOHA) | |
| Source of classification or shelving scheme | Library of Congress Classification |
| Koha item type | Books |
| Call number prefix | Local |
| Withdrawn status | Lost status | Source of classification or shelving scheme | Damaged status | Home library | Current library | Shelving location | Date acquired | Source of acquisition | Total Checkouts | Full call number | Barcode | Date last seen | Date checked out | Copy number | Price effective from | Koha item type | Total Renewals |
|---|---|---|---|---|---|---|---|---|---|---|---|---|---|---|---|---|---|
| Library of Congress Classification | College Library | College Library | Filipiniana Section | 02/07/2013 | Library Fund | 1 | LB 3051 .R426 2011 | C13313 | 05/08/2018 | 06/19/2015 | 1 | 02/07/2013 | Books | ||||
| Library of Congress Classification | College Library | College Library | Filipiniana Section | 11/27/2013 | Library Fund | 3 | LB 3051 .R426 2011 | C13314 | 09/02/2019 | 08/29/2019 | 2 | 11/27/2013 | Books | 1 | |||
| Library of Congress Classification | College Library | College Library | Filipiniana Section | 11/27/2013 | Library Fund | 3 | LB 3051 .R426 2011 | C13811 | 05/08/2018 | 10/28/2016 | 3 | 11/27/2013 | Books | 7 |